The engineering design of systems : (Record no. 212517)

000 -LEADER
fixed length control field 01104 a2200301 4500
003 - CONTROL NUMBER IDENTIFIER
control field Nust
005 - DATE AND TIME OF LATEST TRANSACTION
control field 20221020174121.0
010 ## - LIBRARY OF CONGRESS CONTROL NUMBER
LC control number 2008022812
020 ## - INTERNATIONAL STANDARD BOOK NUMBER
International Standard Book Number 0470164026
020 ## - INTERNATIONAL STANDARD BOOK NUMBER
International Standard Book Number 9780470164020
035 ## - SYSTEM CONTROL NUMBER
System control number (OCoLC)228701416
035 ## - SYSTEM CONTROL NUMBER
System control number (OCoLC)ocn228701416
040 ## - CATALOGING SOURCE
Transcribing agency Nust
082 00 - DEWEY DECIMAL CLASSIFICATION NUMBER
Classification number 620.01,DEN
100 1# - MAIN ENTRY--PERSONAL NAME
Personal name Buede, Dennis M.
9 (RLIN) 101051
245 14 - TITLE STATEMENT
Title The engineering design of systems :
Remainder of title models and methods /
Statement of responsibility, etc. Dennis M. Buede.
250 ## - EDITION STATEMENT
Edition statement 2nd ed.
260 ## - PUBLICATION, DISTRIBUTION, ETC.
Place of publication, distribution, etc. Hoboken, N.J. :
Name of publisher, distributor, etc. John Wiley & Sons,
Date of publication, distribution, etc. c2009.
300 ## - PHYSICAL DESCRIPTION
Extent xiv, 516 p. :
Other physical details ill. ;
Dimensions 25 cm.
490 1# - SERIES STATEMENT
Series statement Wiley series in systems engineering and management
505 ## - FORMATTED CONTENTS NOTE
Formatted contents note Part 1: Introduction , Overview, and Basic Knowledge (Page-1), Part 2: Design and Integration (Page-149), Part 3: Supplemental Topics (Page-373).
650 #0 - SUBJECT ADDED ENTRY--TOPICAL TERM
Topical term or geographic name entry element Engineering design.
650 #0 - SUBJECT ADDED ENTRY--TOPICAL TERM
Topical term or geographic name entry element System design.
9 (RLIN) 2255
650 #0 - SUBJECT ADDED ENTRY--TOPICAL TERM
Topical term or geographic name entry element Systems engineering.
830 #0 - SERIES ADDED ENTRY--UNIFORM TITLE
Uniform title Wiley series in systems engineering and management.
9 (RLIN) 1592
856 41 - ELECTRONIC LOCATION AND ACCESS
Materials specified Table of contents only
Uniform Resource Identifier <a href="http://www.loc.gov/catdir/toc/ecip0819/2008022812.html">http://www.loc.gov/catdir/toc/ecip0819/2008022812.html</a>
942 ## - ADDED ENTRY ELEMENTS (KOHA)
Source of classification or shelving scheme
Koha item type Book
Holdings
Withdrawn status Lost status Source of classification or shelving scheme Damaged status Not for loan Permanent Location Current Location Shelving location Date acquired Full call number Barcode Date last seen Price effective from Koha item type Public note
          Military College of Signals (MCS) Military College of Signals (MCS) General Stacks 12/12/2016 620.01,DEN MCS37144 12/08/2016 12/12/2016 Book Almirah No.27, Shelf No.2
© 2023 Central Library, National University of Sciences and Technology. All Rights Reserved.